[Event "FIDE World Cup 2017"]
[Site "Tbilisi"]
[Date "2017.09.04"]
[Round "1.2"]
[White "Wei, Yi"]
[Black "Sambuev, Bator"]
[Result "1-0"]
[WhiteElo "2748"]
[BlackElo "2529"]
[Annotator "TA"]
[PlyCount "91"]
[EventDate "2017.??.??"]
[EventType "k.o."]
[EventCountry "GEO"]
[SourceTitle "playchess.com"]
[Source "ChessBase"]
[SourceQuality "1"]

{[%evp 24,91,13,-6,14,0,35,0,7,0,0,-20,-35,-27,-25,-37,-41,-58,-33,-58,75,63,122,113,114,122,109,1,77,83,99,92,87,99,115,0,0,0,100,0,89,0,0,14,13,0,0,-17,76,60,79,70,229,224,694,299,291,285,3576,3014,2387,1852,2334,1787,29992,29989,29989,29990,29994,29995]} 1. e4 e6 2. d4 d5 3. Nc3 Bb4 4. e5 c5 5. a3 Bxc3+ 6. bxc3 Ne7 7. a4 Qc7 8. Nf3 b6 9. Bb5+ Bd7 10. Bd3 Nbc6 11. O-O h6 12. Re1 O-O {[%cal Bh8f8,Bf8f7,Bf7f5][%mdl 32]} 13. h4 {LiveBook: 3 Games. C19: French: 3 Nc3 Bb4: Main line: 7 Nf3 and 7 a4} c4 $146 ({Predecessor:} 13... Na5 14. Nh2 cxd4 15. cxd4 Nf5 16. Ng4 Nc4 17. Nf6+ gxf6 18. Qg4+ Kh7 19. Qh5 Kg8 20. Bxf5 exf5 21. exf6 Rfe8 22. Bxh6 {1-0 (22) Vovk,Y (2539)-Bobula,M (2393) Slovakia 2010}) 14. Bf1 f6 15. h5 {White is slightly better.} fxe5 16. dxe5 Rf7 17. Ba3 Raf8 18. Bd6 Qd8 19. Be2 Rf5 20. Nh4 Rf4 (20... Rxf2 $5 {[%cal Re7f5]} 21. Nf3 Rxe2 $1 {[%mdl 512]} 22. Qxe2 Rf4 $11) 21. Bg4 R8f7 (21... Rxf2 $15 {stays ahead.} 22. Bf3 (22. Nf3 Rf4 $15) 22... R2xf3 $1 {[%mdl 512]} 23. Nxf3 Rf4) 22. f3 $16 d4 (22... Rf8 $14) 23. Ng6 Nd5 24. Nxf4 Rxf4 25. cxd4 (25. Qe2 $16) 25... Rxd4 (25... Nxd4 $11 26. Qd2 Qg5) 26. Qe2 Qg5 27. Qf2 $1 Rd2 28. Re2 Rd4 29. Ree1 Rd2 30. Re2 Rd4 $1 31. Qe1 ({White should play} 31. a5 $1 $16) 31... g6 (31... Nf4 $11 {remains equal.}) 32. Re4 (32. Ba3 $16 gxh5 33. Bc1) 32... gxh5 $11 33. Bh3 Rd2 34. Kh1 {Strongly threatening f4.} Rxc2 35. f4 Qg6 {[#]} (35... Nxf4 $11 {keeps the balance.} 36. Qe3 Ne2) 36. f5 $1 $36 {[%cal Rf5g6][%mdl 2560] White has some pressure.} exf5 37. Qd1 $1 {[%cal Rd1c2]} fxe4 $2 ({Black should try} 37... Nc3 $1 $14 38. Qxc2 Nxe4 39. Qxc4+ Kg7) 38. Qxd5+ $18 Kg7 $2 {[#]} (38... Kh7 39. e6 Bxe6 $1 {[%mdl 512]} 40. Qxe6 Qxe6 41. Bxe6 c3) 39. Rg1 (39. Bf8+ $142 $1 {[%mdl 512]} Kh8 (39... Kxf8 40. Rf1+) 40. Qxd7 Nxe5 41. Qd8) 39... Be8 {[#]} 40. Rf1 $1 {[%cal Rf1f6]} h4 $2 {[#]} (40... e3) 41. Bf8+ $1 Kh8 42. Ba3 {Threatening mate with Rf8+.} Kg7 43. Rf6 e3 44. Rxg6+ {White mates.} Bxg6 45. Qd7+ Kh8 46. Bf8 {Precision: White = 53%, Black = 29%.} 1-0

[Event "FIDE World Cup 2017"]
[Site "Tbilisi"]
[Date "2017.09.04"]
[Round "1.2"]
[White "Harikrishna, P."]
[Black "Gonzalez Vidal, Yuri"]
[Result "1-0"]
[WhiteElo "2741"]
[BlackElo "2547"]
[Annotator "TA"]
[PlyCount "81"]
[EventDate "2017.??.??"]
[EventType "k.o."]
[EventCountry "GEO"]
[SourceTitle "playchess.com"]
[Source "ChessBase"]
[SourceQuality "1"]

{[%evp 35,81,9,17,16,20,6,7,0,34,12,24,18,25,18,76,87,83,74,83,75,87,68,65,72,147,140,127,142,122,70,189,106,326,320,325,227,456,439,430,345,546,541,750,741,745,756,890,885]} 1. e4 e5 2. Nf3 Nc6 3. Bb5 a6 4. Ba4 Nf6 5. O-O Be7 6. Re1 b5 7. Bb3 d6 8. c3 O-O 9. h3 Nb8 10. d4 Nbd7 11. Nbd2 Bb7 12. Bc2 Re8 13. Nf1 Bf8 14. Ng3 g6 15. b3 Bg7 16. d5 Rc8 {C95: Closed Ruy Lopez: Breyer Variation with 10 d4} 17. c4 c6 18. Bg5 h6 {[#] LiveBook: 7 Games. The position is equal.} 19. Bd2 $146 ({Predecessor:} 19. Be3 Nb6 20. Rb1 Qc7 21. dxc6 Bxc6 22. Nd2 Nbd7 23. Rc1 Qa5 24. Bb1 {0-1 (42) Gashimov,V (2717)-Harikrishna,P (2668) Sabadell 2008}) 19... a5 20. Be3 Ba6 21. Qd2 Kh7 22. dxc6 Rxc6 23. cxb5 Bxb5 24. Rac1 Bf8 (24... Qc7 $11 {keeps the balance.}) 25. a4 $16 Ba6 {[#]} 26. b4 $1 $36 {[%cal Rb4b5][%mdl 2048] White is really pushing.} axb4 27. Bb3 Rxc1 28. Rxc1 d5 29. Bxd5 Qe7 (29... Nxd5 $142 30. Qxd5 Re6) 30. Bb3 Rc8 31. Rxc8 Bxc8 32. Qd3 ({White should play} 32. a5 $16) 32... Bb7 ({Better is} 32... Nc5 $14 33. Bxc5 Qxc5) 33. a5 (33. Qb5 $18 Ba8 34. Nd2) 33... Kg8 $2 {[#]} (33... Nc5 $16 34. Bxc5 Qxc5) 34. a6 $18 Ba8 35. a7 Qe8 $2 (35... Nc5 {is a better defense.} 36. Bxc5 Qxc5) 36. Qc4 Kg7 37. Qc7 Kh7 (37... Be7 $142 38. Nxe5 Qd8 39. Bxh6+ Kh7 40. Qxd8 Bxd8 41. Nxf7 Bb6) 38. Ba4 {[%cal Bb3a4,Ba4c6,Bc6b7][%mdl 32] White is clearly winning.} Kg7 39. Nd2 Be7 40. Bc6 Kh7 41. Bb7 {Precision: White = 80%, Black = 28%.} 1-0

[Event "FIDE World Cup 2017"]
[Site "Tbilisi"]
[Date "2017.09.04"]
[Round "1.2"]
[White "Fedoseev, Vladimir"]
[Black "Bacallao Alonso, Yusnel"]
[Result "1-0"]
[WhiteElo "2731"]
[BlackElo "2573"]
[Annotator "TA"]
[PlyCount "69"]
[EventDate "2017.??.??"]
[EventType "k.o."]
[EventCountry "GEO"]
[SourceTitle "playchess.com"]
[Source "ChessBase"]
[SourceQuality "1"]

{[%evp 13,69,26,14,20,13,0,0,-4,-14,-15,-28,-61,-35,-40,-33,-58,0,0,0,0,58,54,53,56,88,86,92,76,64,66,43,60,67,52,67,39,136,112,107,125,419,410,450,454,905,895,857,837,975,925,1277,1030,29989,29990,29990,29991,29991,29992]} 1. e4 c6 2. d4 d5 3. exd5 cxd5 4. Bd3 Nc6 5. c3 Qc7 6. h3 Nf6 7. Nf3 g6 {LiveBook: 93 Games} 8. Na3 {[%cal Bb1a3,Ba3c2,Bc2e3][%mdl 32] B13: Caro-Kann: Exchange Variation and Panov-Botvinnik Attack} (8. O-O Bg7 9. Re1 O-O 10. Na3 Bf5 11. Bf1 a6 12. Nc2 Bxc2 13. Qxc2 b5 14. a4 Qb7 15. Qb3 Na5 16. Qb4 Nc6 17. Qc5 bxa4 {1-0 (42) Artemiev,V (2682)-Rozum,I (2606) Sochi 2017}) 8... a6 9. Qe2 $146 ({Predecessor:} 9. Nc2 Bf5 10. Bxf5 gxf5 11. g3 e6 12. Bf4 Bd6 13. Bxd6 Qxd6 14. Qe2 Ne4 15. O-O-O O-O-O {½-½ (33) Lavrentyev,Y (2311)-Boeken,M (2425) ICCF email 2012}) 9... Bf5 10. Bxf5 {The position is equal.} gxf5 11. Nc2 e6 12. Ne3 Ne4 13. Nd2 h5 14. O-O Bd6 {[#]} (14... O-O-O $15) 15. Nxd5 $1 $11 {[%mdl 512]} exd5 16. f3 O-O-O (16... Qe7 $11 17. fxe4 fxe4) 17. fxe4 $14 fxe4 18. Rf5 Qd7 19. Rxd5 {Black must now prevent Nc4.} Bh2+ 20. Kxh2 Qxd5 21. Nc4 $1 {[%cal Bd2c4,Bc4e3,Be3g2,Bg2f4,Bf4d5][%mdl 32]} Kb8 22. Bf4+ {[%mdl 1024] White has compensation.} Ka7 23. a4 (23. Ne3 $5 {[%cal Re3d5]} Qe6 24. d5 Rxd5 25. Nxd5 Qxd5 26. Rd1 $14) 23... Ne7 $1 24. Rf1 Ng6 (24... f5 $14) 25. Bc7 $36 {[%mdl 2048] aiming for Ne3. White has strong initiative.} Rdg8 26. Ne3 Qd7 $2 {[%mdl 8192]} (26... Qc6 $16 {was worth a try.} 27. Rxf7 Qe6) 27. Qc4 $18 Nh4 28. Rxf7 Rxg2+ (28... Qc8 $142 29. d5 Rxg2+ 30. Nxg2 Nf3+ 31. Rxf3 exf3) 29. Nxg2 {[#] White wants to mate with Qc5+.} Nf3+ 30. Kg3 {[%cal Bh2g3,Bg3f2,Bf2e2][%mdl 32]} Qc8 31. Kf2 Rg8 32. Nf4 {White threatens Nd5 and mate.} Ng5 33. Qc5+ {White mates.} Ka8 34. Nd5 e3+ 35. Ke2 {Precision: White = 65%, Black = 45%.} 1-0

[Event "FIDE World Cup 2017"]
[Site "Tbilisi"]
[Date "2017.09.04"]
[Round "1.2"]
[White "Bacrot, Etienne"]
[Black "Fier, Alexandr"]
[Result "1/2-1/2"]
[WhiteElo "2728"]
[BlackElo "2569"]
[Annotator "TA"]
[PlyCount "33"]
[EventDate "2017.??.??"]
[EventType "k.o."]
[EventCountry "GEO"]
[SourceTitle "playchess.com"]
[Source "ChessBase"]
[SourceQuality "1"]

{[%evp 9,33,5,31,30,33,30,45,45,48,45,57,29,35,6,25,10,12,-17,-14,-30,-21,-18,-10,-22,-13,-20]} 1. e4 c6 2. d4 d5 3. Nd2 dxe4 4. Nxe4 Bf5 5. Qf3 Qd5 (5... e6 6. Ne2 Bxe4 7. Qxe4 Nf6 8. Qf3 Qb6 9. g3 c5 10. Bg2 Nc6 11. dxc5 Bxc5 12. O-O O-O 13. Bg5 {½-½ (13) Demchenko,A (2629)-Tomashevsky,E (2696) Minsk 2017}) 6. Bd3 {B18: Classical Caro-Kann: 4...Bf5 sidelines} Bxe4 7. Qxe4 Nf6 8. Qxd5 {White is slightly better.} cxd5 9. Nf3 Nc6 10. a3 $146 ({Predecessor:} 10. c3 e6 11. Bf4 Nh5 12. Be3 Bd6 13. g3 {0-1 (64) Pascual Arevalo,A (2305)-Gomez Oliveros,H Asturias 1998}) 10... e6 11. b3 Be7 12. Bb2 O-O 13. c4 Na5 14. Nd2 dxc4 15. bxc4 {The position is equal.} Rac8 16. Ke2 Nd7 17. Bc3 {Precision: White = 22%, Black = 55%.} 1/2-1/2

[Event "FIDE World Cup 2017"]
[Site "Tbilisi"]
[Date "2017.09.04"]
[Round "1.2"]
[White "Matlakov, Maxim"]
[Black "Sadorra, Julio Catalino"]
[Result "1/2-1/2"]
[WhiteElo "2728"]
[BlackElo "2574"]
[Annotator "TA"]
[PlyCount "66"]
[EventDate "2017.??.??"]
[EventType "k.o."]
[EventCountry "GEO"]
[SourceTitle "playchess.com"]
[Source "ChessBase"]
[SourceQuality "1"]

{[%evp 22,66,39,0,23,23,33,15,31,19,23,19,19,27,22,24,27,0,0,7,22,22,32,33,29,36,33,40,37,34,33,19,15,0,0,0,0,0,10,8,10,0,0,0,11,0,0]} 1. d4 Nf6 2. c4 e6 3. Nf3 d5 4. g3 Bb4+ 5. Bd2 Be7 6. Bg2 O-O 7. O-O Nbd7 8. Qc2 c6 9. Rd1 a5 {E11: Bogo-Indian} (9... Ne4 10. Bf4 g5 11. Be3 f5 12. Nc3 Nd6 13. b3 Bf6 14. Qc1 h6 15. h4 Nf7 16. hxg5 hxg5 17. Na4 Qe7 {1-0 (36) Giri,A (2771)-Carlsen,M (2832) Leuven 2017}) 10. Bf4 h6 11. Nc3 dxc4 12. e4 {LiveBook: 4 Games} b5 $146 ({Find the theoretical novelty and annotate with similar games:} 12... b6 13. d5 cxd5 14. exd5 exd5 15. Nxd5 Nxd5 16. Rxd5 Bb7 17. Rdd1 Qc8 {½-½ (17) Parligras,M (2595)-Predojevic,B (2642) Kragujevac 2016}) 13. d5 cxd5 14. exd5 exd5 15. Nxd5 Nxd5 16. Rxd5 {aiming for Ne5.} Bb7 17. Rxb5 Bc6 18. Nd4 {[%cal Bf3d4,Bd4b5,Bb5d6][%mdl 32]} Bxb5 19. Bxa8 (19. Nxb5 $5 {[%cal Ra1d1]} Qb6 20. Bxa8 Rxa8 21. Qxc4 $14) 19... Qxa8 20. Nxb5 Bf6 21. Rd1 Qc6 22. Nd6 g5 23. Qxc4 Qf3 24. Rd3 Qe2 25. Qe4 Qxb2 26. Be3 $1 {Threatening Nf5.} Qxa2 {The position is equal.} 27. Nf5 Qb1+ $1 28. Kg2 Ne5 $1 {[%cal Re5d3]} 29. Nxh6+ Kg7 30. Nf5+ Kg8 31. Nh6+ Kg7 32. Nf5+ Kg8 33. Nh6+ Kg7 {Precision: White = 58%, Black = 74%.} 1/2-1/2

[Event "FIDE World Cup 2017"]
[Site "Tbilisi"]
[Date "2017.09.04"]
[Round "1.2"]
[White "Vitiugov, Nikita"]
[Black "Kulaots, Kaido"]
[Result "1-0"]
[WhiteElo "2728"]
[BlackElo "2571"]
[Annotator "TA"]
[PlyCount "125"]
[EventDate "2017.??.??"]
[EventType "k.o."]
[EventCountry "GEO"]
[SourceTitle "playchess.com"]
[Source "ChessBase"]
[SourceQuality "1"]

{[%evp 20,125,0,0,0,0,22,13,21,0,0,-27,0,0,0,0,44,0,14,8,10,18,8,8,22,21,12,18,43,46,53,44,60,60,63,53,80,62,78,83,88,92,112,112,112,112,112,112,112,112,112,102,120,109,120,120,120,120,137,137,137,123,137,137,137,137,137,137,137,137,137,137,137,137,137,137,137,137,137,137,142,129,142,142,175,142,142,142,227,142,580,568,625,611,568,499,691,690,626,614,955,947,734,716,29978,29978,29977,29978]} 1. d4 Nf6 2. c4 g6 3. Nc3 d5 4. cxd5 Nxd5 5. e4 Nxc3 6. bxc3 Bg7 7. Nf3 c5 8. h3 O-O 9. Be2 b6 10. Be3 {D85: Exchange Grünfeld: Unusual White 7th moves and lines with 7 Nf3} (10. O-O Nd7 11. e5 Bb7 12. Qb3 e6 13. Bg5 Qe8 14. Nd2 cxd4 15. cxd4 f6 16. exf6 Nxf6 17. Rae1 Qd7 {0-1 (58) Kunin,V (2595)-Piorun,K (2681) Gjakova 2016}) 10... Bb7 11. Qd3 {LiveBook: 24 Games} e6 12. O-O {The position is equal.} Nd7 13. a4 Qc7 14. a5 $146 ({Predecessor:} 14. Rfd1 Rfd8 15. Qb1 Rac8 16. Bg5 Bf6 17. Bxf6 Nxf6 {½-½ (40) Linster,P (2104)-Jansa,V (2489) Differdange 2008}) 14... bxa5 15. Rfd1 cxd4 16. cxd4 Rfc8 17. Rdc1 Qd6 18. Rcb1 {[%mdl 1024] White has compensation.} Qc6 19. Nd2 $36 {[%mdl 2048] White has good play.} a4 20. Bf3 Nb6 21. e5 $1 Qd7 22. Bxb7 Qxb7 23. Rxa4 Qd7 24. Ra5 Nd5 25. Ne4 Rab8 26. Rba1 Rc7 27. Bg5 Rbc8 28. Qa3 Qc6 29. Rxa7 h6 30. Rc1 Qb6 {[#] And now ...Rxc1+ would win.} 31. Rcxc7 Nxc7 32. Nd6 Rb8 33. Be3 Nb5 34. Nxb5 Qxb5 35. Kh2 Qb1 36. Qd6 {d5 is the strong threat.} Rf8 37. Qc6 Qd3 38. Rd7 g5 39. Rb7 Qf5 40. Rb3 Rd8 41. g4 Qg6 42. Kg2 Kh7 43. Kf3 Rf8 44. Ke2 Rd8 45. Rb7 Ra8 46. Kf3 Rf8 47. Ra7 Kg8 48. Kg2 Kh7 49. Qf3 Kg8 50. Rd7 Rb8 51. Bd2 Rb2 52. Bc1 Rb1 53. Ba3 Re1 (53... Rb8 $16 54. Ra7 Rb1) 54. Bb4 Re4 $2 {[%mdl 8192] [#]} (54... Rb1 $16 {is tougher.}) 55. Bd2 $18 Bh8 56. Rd8+ Kh7 57. Be3 f5 58. exf6 Bxf6 59. Rf8 Bg7 60. Qf7 Qxf7 61. Rxf7 Kg6 62. Rxg7+ Kxg7 63. Kf3 {Precision: White = 68%, Black = 44%.} 1-0

[Event "FIDE World Cup 2017"]
[Site "Tbilisi"]
[Date "2017.09.04"]
[Round "1.2"]
[White "Navara, David"]
[Black "Hjartarson, Johann"]
[Result "1-0"]
[WhiteElo "2720"]
[BlackElo "2539"]
[Annotator "TA"]
[PlyCount "71"]
[EventDate "2017.??.??"]
[EventType "k.o."]
[EventCountry "GEO"]
[SourceTitle "playchess.com"]
[Source "ChessBase"]
[SourceQuality "1"]

{[%evp 29,71,25,26,17,34,34,89,93,91,71,93,99,127,125,135,130,148,145,145,153,139,177,168,175,155,151,277,273,274,275,268,200,275,266,370,278,5110,5110,5110,5102,5102,5097,2274,2274]} 1. e4 c5 2. Nf3 e6 3. d4 cxd4 4. Nxd4 Nc6 5. Nc3 Qc7 6. Be2 Nf6 7. O-O Be7 8. Be3 O-O 9. f4 d6 10. Kh1 Nxd4 11. Qxd4 b6 {B83: Sicilian Scheveningen: 6 Be2, lines without ...a6} 12. Bf3 Bb7 13. Nb5 Qb8 14. c4 Rd8 15. Rad1 a6 {LiveBook: 5 Games} 16. Nc3 Nd7 {[#]} 17. f5 $146 ({Predecessor:} 17. Qd2 Qc7 18. b3 Rac8 19. Rc1 {½-½ (50) Wan,Y (2505)-Wang,Y (2717) China 2014}) 17... Nc5 (17... Bf6 $14 18. Qxd6 exf5) 18. fxe6 fxe6 19. b4 {Qd2 is the strong threat.} Bf6 20. Qd2 Bxc3 21. Qxc3 Nxe4 22. Qd4 $36 {[%mdl 2048] Black is under strong pressure.} Nf6 23. Bg5 (23. Qxb6 $6 Bxf3 24. Rxf3 Qxb6 $11) 23... Rf8 24. Bxb7 (24. Qxd6 Qxd6 25. Rxd6 Bxf3 $17) (24. Qxb6 Bxf3 25. Qxb8 Raxb8 $17) 24... Qxb7 25. Bxf6 Rxf6 26. Rxf6 gxf6 $16 {[%mdl 4096] Endgame KQR-KQR} 27. Qg4+ ({Resist} 27. Qxd6 Kf7 $16) 27... Kh8 (27... Qg7 $16 28. Qxe6+ Qf7 29. Qg4+ (29. Qxd6 Qxc4 30. Qxb6 Qe2 $16) (29. Rxd6 Qxe6 30. Rxe6 Kf7 $16) 29... Qg6 30. Qe6+ Qf7 31. Rxd6 (31. Qxd6 Qxc4 32. Qxb6 Re8 $16) 31... Qxe6 32. Rxe6 Kf7 33. Rxb6 a5) 28. Qxe6 $18 Rg8 {[%csl Gg8][%cal Rb7g2] [#]} 29. Qxf6+ Rg7 {[%csl Gg7][%cal Rb7g2]} 30. Qf8+ Rg8 {[%csl Gg8][%cal Rb7g2]} 31. Qf2 Qe4 32. h3 Qxc4 $2 (32... Qg6 33. Qb2+ Qg7 34. Qxg7+ Kxg7 35. Rxd6 a5 36. Rxb6 axb4 37. Rxb4 Ra8) 33. Qf6+ {White is clearly winning.} Rg7 34. Rxd6 Qc1+ 35. Kh2 {[%cal Rd6d8] [#]} Qc7 36. Qd8+ {Precision: White = 98%, Black = 35%.} 1-0

[Event "FIDE World Cup 2017"]
[Site "Tbilisi"]
[Date "2017.09.04"]
[Round "1.2"]
[White "Tomashevsky, Evgeny"]
[Black "Antipov, Mikhail Al"]
[Result "1/2-1/2"]
[WhiteElo "2710"]
[BlackElo "2578"]
[Annotator "TA"]
[PlyCount "151"]
[EventDate "2017.??.??"]
[EventType "k.o."]
[EventCountry "GEO"]
[SourceTitle "playchess.com"]
[Source "ChessBase"]
[SourceQuality "1"]

{[%evp 10,151,20,25,16,15,14,13,12,6,19,26,41,45,45,22,16,13,22,19,31,0,34,27,25,22,31,25,22,33,43,43,50,50,55,48,67,56,77,68,72,39,100,98,102,103,85,84,85,85,94,87,90,88,98,87,98,106,105,77,68,68,69,78,143,90,90,90,151,154,148,155,152,137,163,162,190,210,197,196,186,173,143,150,160,160,256,256,256,255,247,143,143,143,204,143,143,143,143,143,166,152,166,166,159,159,167,172,241,126,127,131,133,125,107,94,113,0,0,0,37,0,0,0,0,0,0,0,0,0,0,0,0,0,0,0,0,0,0,0,0,0,0,0]} 1. d4 Nf6 2. c4 e6 3. Nf3 Bb4+ 4. Bd2 Qe7 5. g3 Bxd2+ 6. Qxd2 Nc6 {E11: Bogo-Indian} 7. Nc3 d5 8. cxd5 exd5 9. Bg2 Bf5 10. Rc1 Be4 11. O-O O-O 12. Rfd1 Rfe8 13. Qf4 {[#]} Nh5 $146 ({Predecessor:} 13... Rad8 14. Na4 {½-½ (56) Zontakh,A (2540)-Goganov,A (2615) Taganrog 2015}) 14. Qh4 Nf6 15. Qf4 Nh5 16. Qg5 Qxg5 17. Nxg5 {[%cal Rc3e4]} Bxg2 18. Kxg2 Nf6 19. e3 Re7 20. Nh3 a6 21. Nf4 Rd8 22. b4 Na7 23. a4 {[%cal Ba2a4,Ba4a5][%mdl 32]} Nc8 24. Rc2 Nb6 25. a5 Na8 (25... g5 $14) 26. b5 $16 axb5 27. Nxb5 c6 28. Nc3 Nc7 29. Rb1 Na6 30. Rcb2 Rdd7 31. Nd3 Rc7 32. Rb6 h5 33. h3 {[%cal Bh2h3,Bh3g4][%mdl 32]} Ne8 34. Na4 Nd6 35. Nac5 Nxc5 36. Nxc5 g6 (36... Kh7 $142) 37. g4 ({White should try} 37. a6 bxa6 38. Nxa6 (38. Rxa6 Rc8 $16)) 37... hxg4 38. hxg4 g5 (38... Kf8 $142) 39. a6 bxa6 40. Nxa6 Rc8 41. Nb4 Re4 42. Nxc6 Rxg4+ 43. Kf3 Re4 {[#]} 44. Ne7+ $1 {[%mdl 512]} Rxe7 45. Rxd6 $18 {[%mdl 4096] Endgame KRR-KRR} Kg7 46. Rxd5 f6 47. Rb6 Rc2 (47... Rh8 $16 48. Rdd6 Rh6) 48. Rf5 Rf7 49. Rd6 Rc1 50. Kg2 (50. Re6 $18) 50... Re1 $16 51. Re6 Rf8 (51... Kg6 $16 52. Rc5 Rf8) 52. Ra5 Rd1 53. Raa6 Kg6 54. Kf3 Rd2 55. Rad6 Rf7 56. Kg3 Rd3 57. f3 Kg7 58. Kg4 Rd1 {[#]} (58... Kg6 {was called for.} 59. e4 Rd1) 59. Kh3 ({White should play} 59. Kf5 $1 $18) 59... Rh1+ 60. Kg3 Rg1+ 61. Kf2 Ra1 62. e4 Rfa7 {[#]} 63. e5 ({But not} 63. Rxf6 $6 R7a2+ 64. Ke3 (64. Kg3 Rg1+ 65. Kh3 Rag2 $11) 64... Ra3+ 65. Ke2 R1a2+ 66. Kf1 Rb2 $11) ({White must play} 63. Kg3 $1 $16) 63... R7a2+ $11 64. Ke3 fxe5 65. Rd7+ Kf8 {The position is equal.} 66. Rh6 {[%cal Rh6h8]} exd4+ 67. Kd3 {[%cal Rh6h8]} Ra3+ 68. Kc4 {[%cal Rh6h8]} Ra4+ 69. Kd5 {[%cal Rh6h8]} Ra5+ 70. Ke4 {[%cal Rh6h8]} Re1+ 71. Kd3 {[%cal Rh6h8]} Ra3+ 72. Kd2 {[%cal Rh6h8]} Re7 $1 {[%cal Re7d7]} 73. Rh8+ Kg7 $1 74. Rxe7+ Kxh8 75. Re5 Rxf3 76. Rxg5 {Precision: White = 71%, Black = 54%.} 1/2-1/2

[Event "FIDE World Cup 2017"]
[Site "Tbilisi"]
[Date "2017.09.04"]
[Round "1.2"]
[White "Howell, David W L"]
[Black "Tari, Aryan"]
[Result "1/2-1/2"]
[WhiteElo "2701"]
[BlackElo "2588"]
[Annotator "TA"]
[PlyCount "54"]
[EventDate "2017.??.??"]
[EventType "k.o."]
[EventCountry "GEO"]
[SourceTitle "playchess.com"]
[Source "ChessBase"]
[SourceQuality "1"]

{[%evp 21,54,12,16,11,18,22,20,0,0,0,0,0,7,0,8,16,20,12,17,18,37,43,59,38,26,17,23,30,28,32,25,0,0,0,27]} 1. c4 e5 2. Nc3 Nf6 3. Nf3 Nc6 4. e3 Bb4 5. Qc2 Bxc3 6. Qxc3 Qe7 7. Be2 d5 {A28: English Opening: Four Knights Variation} 8. d4 exd4 9. Nxd4 Nxd4 10. Qxd4 c5 11. Qh4 dxc4 {LiveBook: 3 Games} 12. Bxc4 Be6 13. Be2 Nd5 {[#]} 14. Qe4 $146 ({Predecessor:} 14. Bb5+ Kf8 15. Qe4 Bd7 16. Qc4 Be6 17. Qe4 Bd7 18. Qc4 Be6 {½-½ (18) Giri,A (2775)-Aronian,L (2809) Geneve 2017}) 14... O-O 15. O-O Qf6 16. a3 Rac8 17. Rd1 Rfd8 {And now ...Nc3! would win.} 18. Qc2 c4 19. Bd2 Bf5 20. e4 Qe5 21. f3 Bg6 22. Qc1 (22. Be1 $5 {[%cal Rc2d2]} h6 23. Qc1 $14) 22... Re8 23. Be1 (23. Bf1 $5 {[%cal Re4d5]} c3 24. bxc3 Nxc3 25. Bxc3 Rxc3 26. Qb2 $11) 23... Nf4 24. Bf1 Nd3 25. Bxd3 cxd3 26. Bc3 Qc5+ 27. Kh1 f5 {Precision: White = 57%, Black = 55%.} 1/2-1/2

[Event "FIDE World Cup 2017"]
[Site "Tbilisi"]
[Date "2017.09.04"]
[Round "1.2"]
[White "Wang, Hao"]
[Black "Sengupta, Deep"]
[Result "1-0"]
[WhiteElo "2701"]
[BlackElo "2589"]
[Annotator "TA"]
[PlyCount "95"]
[EventDate "2017.??.??"]
[EventType "k.o."]
[EventCountry "GEO"]
[SourceTitle "playchess.com"]
[Source "ChessBase"]
[SourceQuality "1"]

{[%evp 19,95,20,24,20,35,9,10,7,12,0,0,-12,-9,-7,2,0,0,0,0,0,10,13,55,47,55,43,52,49,72,68,113,91,121,126,127,122,119,127,128,125,122,127,141,96,336,333,345,346,346,106,355,339,354,347,341,325,413,410,418,413,445,441,435,396,502,506,487,488,556,564,535,528,531,525,670,670,650,660]} 1. c4 e5 2. g3 Nf6 3. Bg2 c6 4. Nf3 e4 5. Nd4 d5 6. d3 {A20: English Opening: 1...e5} Bc5 7. Nb3 Bb4+ 8. Bd2 Bxd2+ 9. Qxd2 dxc4 10. dxc4 Qe7 {LiveBook: 3 Games} 11. Nc3 O-O 12. Qe3 Re8 13. h3 $146 ({Find the theoretical novelty and annotate with similar games:} 13. Qc5 Na6 14. Qxe7 Rxe7 {1-0 (54) Giri,A (2768)-Balogh,C (2660) Germany 2015}) 13... Bf5 14. Nd4 Bg6 15. Rd1 Nbd7 16. O-O a6 17. b3 Rac8 18. Nc2 b5 19. Qa7 Qe5 (19... bxc4 {keeps more tension.} 20. bxc4 Qe5 21. Qd4 Qa5 22. Qd2 Rcd8) 20. Qd4 Qxd4 (20... Qh5 {keeps more tension.} 21. cxb5 axb5 22. Ne3 Nf8 23. a4 Ne6) 21. Rxd4 Nc5 22. Rfd1 Kf8 23. h4 Ke7 24. cxb5 cxb5 {Threatens to win with ...Ne6.} 25. Ne3 Ne6 26. Ncd5+ Nxd5 27. Rxd5 {h5 is the strong threat.} h6 28. Rd7+ Kf8 29. Bh3 Rc6 30. Kg2 Re7 31. R7d5 Rec7 $2 {[#]} (31... h5 $16 32. Rd6 Rec7) 32. h5 $1 $18 Bh7 {[#]} 33. Rd8+ $1 {[%mdl 512]} Nxd8 34. Rxd8+ Ke7 35. Rh8 Rc5 36. Rxh7 Rxh5 37. Rxg7 b4 38. Rg4 Re5 39. Nc4 Rd5 40. Rxe4+ Kf8 41. Rf4 Kg7 42. Bf5 {White is clearly winning.} a5 43. Bd3 Ra7 44. Ne3 Rc5 45. Nf5+ Kg6 46. Rd4 Rc1 47. Rg4+ Kf6 48. Rh4 {Precision: White = 89%, Black = 46%.} 1-0